| 000 | 00524nam a2200181Ia 4500 | ||
|---|---|---|---|
| 003 | OSt | ||
| 005 | 20240422101756.0 | ||
| 008 | 210210b1958 xxu||||| |||| 00| 0 eng d | ||
| 040 | _cAL | ||
| 041 | _aKannada | ||
| 082 | _a856/232 | ||
| 100 |
_aMURIGAPPA SHRESHTI (D S) ಮುರಿಗಪ್ಪ ಶ್ರೇಷ್ಠಿ ಡಿ ಎಸ್ _9161860 |
||
| 245 |
_aJenu _bಜೇನು |
||
| 260 |
_aMaisuru _bMaisuru Vishvavidyanilaya _c1958 |
||
| 690 |
_aKannada Miscellaneous _9161861 |
||
| 906 | _a020470 | ||
| 942 |
_2ddc _cBK |
||
| 999 |
_c144618 _d144618 |
||